LEADER 02313nam 2200589 450 001 9910671428103321 005 20200130103541.0 010 $a84-9031-449-7 035 $a(CKB)3710000000083981 035 $a(EBL)3217231 035 $a(OCoLC)877868601 035 $a(SSID)ssj0001170329 035 $a(PQKBManifestationID)11746116 035 $a(PQKBTitleCode)TC0001170329 035 $a(PQKBWorkID)11167727 035 $a(PQKB)10661877 035 $a(MiAaPQ)EBC3217231 035 $a(OCoLC)992117071 035 $a(FlNmELB)ELB56894 035 $a(EXLCZ)993710000000083981 100 $a20140201d2013 uy 0 101 0 $aspa 135 $aur|n|---||||| 181 $ctxt 182 $cc 183 $acr 200 00$aUrbanismo y corrupcio?n poli?tica $euna visio?n penal, civil y administrativa /$fLorenzo Morillas Cueva 210 1$aMadrid :$cDykinson,$d2013. 215 $a1 online resource (781 p.) 225 0 $aColecciâon Ensayos penales Urbanismo y corrupciâon polâitica 300 $aContiene i?ndice. 311 $a84-9031-264-8 320 $aContiene bibliografi?a. 327 $aURBANISMO Y CORRUPCIO?N POLI?TICA: UNA VISIO?N PENAL, CIVIL Y ADMINISTRATIVA; PA?GINA LEGAL; I?NDICE; PRESENTACIO?N; PARTE PRIMERA; CAPI?TULO PRIMERO; CAPI?TULO SEGUNDO; CAPI?TULO TERCERO; CAPI?TULO CUARTO; CAPI?TULO QUINTO; PARTE SEGUNDA; CAPI?TULO PRIMERO; CAPI?TULO SEGUNDO; CAPI?TULO TERCERO; CAPI?TULO CUARTO; CAPI?TULO QUINTO; CAPI?TULO SEXTO; CAPI?TULO SE?PTIMO; CAPI?TULO OCTAVO; PARTE TERCERA; CAPI?TULO PRIMERO; CAPI?TULO SEGUNDO; PARTE CUARTA; CAPI?TULO U?NICO; PARTE QUINTA; CAPI?TULO PRIMERO; CAPI?TULO SEGUNDO; CAPI?TULO TERCERO; BIBLIOGRAFI?A CITADA 606 $aCity planning$zSpain 606 $aPolitical corruption$zSpain 606 $aDisen?o urbano 606 $aCorrupcio?n 615 0$aCity planning 615 0$aPolitical corruption 615 4$aDisen?o urbano. 615 4$aCorrupcio?n. 676 $a30712160946 702 $aMorillas Cueva$b Lorenzo 702 $aSua?rez Lo?pez$b Jose? Mari?a 801 0$bMiAaPQ 801 1$bMiAaPQ 801 2$bMiAaPQ 906 $aBOOK 912 $a9910671428103321 996 $aUrbanismo y corrupcio?n poli?tica$93052866 997 $aUNINA